|
|
|
|
| LEADER |
00925nam a22002297a 4500 |
| 001 |
28421 |
| 003 |
BD-DhAAL |
| 005 |
20141020114852.0 |
| 008 |
141020r20112005bg 000 0 eng |
| 020 |
|
|
|a 9843220064
|
| 040 |
|
|
|a BD-DhAAL
|c BD-DhAAL
|
| 041 |
|
|
|a eng
|
| 082 |
0 |
0 |
|2 21
|a 823/.8
|
| 100 |
1 |
|
|a Hardly, Thomas
|9 5721
|
| 245 |
0 |
0 |
|a Tess of the d'Urbervilles:
|b a pure woman /
|c Thomas Hardy, with a detailed introduction by FBC editorial board.
|
| 260 |
|
|
|a Dhaka :
|b Friends' book corner,
|c 2005 [reprinted 2011]
|
| 300 |
|
|
|a lxxviii, 469 p. ;
|c 19 cm.
|
| 541 |
|
|
|e 28421
|
| 600 |
1 |
0 |
|a Hardy, Thomas,
|d 1840-1928.
|t Tess of the d'Urbervilles.
|9 5722
|
| 942 |
|
|
|2 ddc
|c BK
|
| 999 |
|
|
|c 32944
|d 32944
|
| 952 |
|
|
|0 0
|1 0
|2 ddc
|4 0
|6 823_800000000000000_HAR
|7 0
|9 43868
|a BRACUL
|b BRACUL
|c GEN
|d 2014-10-20
|e Friends book corner
|g 90.00
|l 8
|m 9
|o 823.8 HAR
|p 3010028421
|r 2026-02-18
|s 2026-02-05
|t 1
|w 2014-10-20
|y BK
|x Transferred from BIL to BRACUL on 06/06/22
|